000 01253cam a2200349 i 4500
999 _c1430
_d1430
001 18967603
003 OSt
005 20221229133609.0
008 160208s2017 mnua j b 001 0 eng c
010 _a 2016005339
020 _a9781515709688 (pbk.)
040 _aNJQ/DLC
_beng
_cNJQ
_erda
_dDLC
_dKH8
042 _apcc
082 0 4 _a531.6 DUN
_223
100 1 _aDunne, Abbie,
_eauthor.
245 1 0 _aForces /
_cby Abbie Dunne.
264 1 _aNorth Mankato, Minnesota :
_bCapstone Press,
_c[2017]
300 _a24 pages :
_bcolor illustrations ;
_c24 x 29 cm.
336 _atext
_2rdacontent
337 _aunmediated
_2rdamedia
338 _avolume
_2rdacarrier
490 0 _aPebble plus. Physical science
504 _aIncludes bibliographical references and index.
505 0 _aHat are forces? -- How do we use forces? -- Forces and motion -- Gravity -- Friction.
520 _a"Simple text and colorful photos introduce the topic of forces"--
_cProvided by publisher.
521 1 _aAges 4-8.
521 2 _aK to grade 3.
650 0 _aForce and energy
_vJuvenile literature.
906 _a7
_bcbc
_corignew
_d1
_eecip
_f20
_gy-gencatlg
942 _2ddc
_cNFIC